000
00320nam a22001217a 4500
008
180201b xxu||||| |||| 00| 0 eng d
041
_a
eng
080
_a
37
100
_a
46
101
_a
EDU
245
_a
CREATIVITIES ART INTERMEDIATE LEVEL A COMPREHENSIVE GUIDE FOR TEACHING
_c
SANDRA.M.Z
942
_2
udc
_c
BK
999
_c
41479
_d
41479